<?xml version="1.0" encoding="UTF-8"?>
<collection xmlns="http://www.loc.gov/MARC21/slim">
    <record>
        <controlfield tag="001">89950</controlfield>
        <controlfield tag="005">20200813075838.0</controlfield>
        <datafield tag="024" ind1="7" ind2=" ">
            <subfield code="2">doi</subfield>
            <subfield code="a">10.1387/ars-bilduma.21445</subfield>
        </datafield>
        <datafield tag="024" ind1="8" ind2=" ">
            <subfield code="2">sideral</subfield>
            <subfield code="a">118398</subfield>
        </datafield>
        <datafield tag="037" ind1=" " ind2=" ">
            <subfield code="a">ART-2020-118398</subfield>
        </datafield>
        <datafield tag="041" ind1=" " ind2=" ">
            <subfield code="a">spa</subfield>
        </datafield>
        <datafield tag="100" ind1=" " ind2=" ">
            <subfield code="0">(orcid)0000-0001-8328-1642</subfield>
            <subfield code="a">Criado Mainar, Jesus</subfield>
            <subfield code="u">Universidad de Zaragoza</subfield>
        </datafield>
        <datafield tag="245" ind1=" " ind2=" ">
            <subfield code="a">BARTOLOMÉ GARCÍA, F. R.; CALVO GARCÍA, L. (Coords.): El retablo mayor de santa Catalina de Lizartza (Gipuzkoa)</subfield>
        </datafield>
        <datafield tag="260" ind1=" " ind2=" ">
            <subfield code="c">2020</subfield>
        </datafield>
        <datafield tag="506" ind1="0" ind2=" ">
            <subfield code="a">Access copy available to the general public</subfield>
            <subfield code="f">Unrestricted</subfield>
        </datafield>
        <datafield tag="520" ind1="3" ind2=" ">
            <subfield code="a">El proyecto de realizar una publicación de carácter científico sobre el retablo mayor de la iglesia de Santa Catalina de Lizartza (Gipuzkoa) surgió tras la restauración de este altar mayor a lo largo del año 2017. Fue una labor interdisciplinar en la que distintos especialistas, restauradores de la empresa Óvalo, historiadores del arte de la Universidad del País Vasco y otros técnicos, en estrecha colaboración, trabajamos para comprender mejor las características técnicas y estilísticas de este mueble litúrgico, optimizar su lectura y garantizar su conservación. Una vez finalizado el proceso de restauración y presentado en sociedad y dada la cantidad de datos inéditos encontrados en los archivos, decidimos dar un paso más y embarcarnos en un trabajo de investigación más amplio que explicara la transformación que el retablo sufrió a lo largo de los siglos y de esta manera ayudar a su puesta en valor y a la difusión del patrimonio cultural y artístico vasco, ya que la investigación y la propia restauración han permitido una nueva lectura de la obra estudiada.</subfield>
        </datafield>
        <datafield tag="540" ind1=" " ind2=" ">
            <subfield code="9">info:eu-repo/semantics/openAccess</subfield>
            <subfield code="a">by</subfield>
            <subfield code="u">http://creativecommons.org/licenses/by/3.0/es/</subfield>
        </datafield>
        <datafield tag="655" ind1=" " ind2="4">
            <subfield code="a">info:eu-repo/semantics/review</subfield>
            <subfield code="v">info:eu-repo/semantics/publishedVersion</subfield>
        </datafield>
        <datafield tag="710" ind1="2" ind2=" ">
            <subfield code="1">3007</subfield>
            <subfield code="2">465</subfield>
            <subfield code="a">Universidad de Zaragoza</subfield>
            <subfield code="b">Dpto. Historia del Arte</subfield>
            <subfield code="c">Área Historia del Arte</subfield>
        </datafield>
        <datafield tag="773" ind1=" " ind2=" ">
            <subfield code="g">10 (2020), 209-210</subfield>
            <subfield code="p">Ars Bilduma</subfield>
            <subfield code="t">ARS BILDUMA</subfield>
            <subfield code="x">1989-9262</subfield>
        </datafield>
        <datafield tag="856" ind1="4" ind2=" ">
            <subfield code="s">120191</subfield>
            <subfield code="u">http://zaguan.unizar.es/record/89950/files/texto_completo.pdf</subfield>
            <subfield code="y">Versión publicada</subfield>
        </datafield>
        <datafield tag="856" ind1="4" ind2=" ">
            <subfield code="s">22747</subfield>
            <subfield code="u">http://zaguan.unizar.es/record/89950/files/texto_completo.jpg?subformat=icon</subfield>
            <subfield code="x">icon</subfield>
            <subfield code="y">Versión publicada</subfield>
        </datafield>
        <datafield tag="909" ind1="C" ind2="O">
            <subfield code="o">oai:zaguan.unizar.es:89950</subfield>
            <subfield code="p">articulos</subfield>
            <subfield code="p">driver</subfield>
        </datafield>
        <datafield tag="951" ind1=" " ind2=" ">
            <subfield code="a">2020-08-13-07:58:15</subfield>
        </datafield>
        <datafield tag="980" ind1=" " ind2=" ">
            <subfield code="a">ARTICLE</subfield>
        </datafield>
    </record>

    
</collection>